Score 0/25 Timer 05:00
0 Plays Today
Cowboy Horse name % Correct
????
100%
????
85.3%
????
82.7%
????
72%
????
62%
????
52%
????
48%
????
42.7%
????
39.3%
????
37.3%
????
18%
????
18%
????
16%
Cowboy Horse name % Correct
????
12.7%
????
12.7%
????
12.7%
????
12%
????
11.3%
????
10.7%
????
8.7%
????
7.3%
????
6.7%
????
5.3%
????
5.3%
????
4.7%
Remove Ads.
Support Sporcle.
Get the best of Sporcle when you Go Orange. This ad-free experience offers more features, more stats, and more fun while also helping to support Sporcle. Thank you for becoming a member.

You're not logged in!

Compare scores with friends on all Sporcle quizzes.
OR
Log In

Show Comments

Extras

Created Jul 31, 2012ReportNominate
Tags:Cowboy, horse

Top Quizzes Today


Score Distribution

Your Account Isn't Verified!

In order to create a playlist on Sporcle, you need to verify the email address you used during registration. Go to your Sporcle Settings to finish the process.

Report this User

Report this user for behavior that violates our Community Guidelines.

Details: